Стихотворения и публицистика : (Record no. 476121)
[ view plain ]
| 000 -LEADER | |
|---|---|
| fixed length control field | 00759nam a2200193 a 4500 |
| 001 - CONTROL NUMBER | |
| control field | 000183507 |
| 003 - CONTROL NUMBER IDENTIFIER | |
| control field | AM-YeHGA |
| 005 - DATE AND TIME OF LATEST TRANSACTION | |
| control field | 20250618075559.0 |
| 008 - FIXED-LENGTH DATA ELEMENTS--GENERAL INFORMATION | |
| fixed length control field | 971224s1954 |||| |||||||||| | rus c |
| 040 ## - CATALOGING SOURCE | |
| Original cataloging agency | AM-YeHGA |
| 090 ## - LOCALLY ASSIGNED LC-TYPE CALL NUMBER (OCLC); LOCAL CALL NUMBER (RLIN) | |
| -- | 479412 |
| 100 1# - MAIN ENTRY--PERSONAL NAME | |
| Personal name | Հյուգո, Վիկտոր, |
| Dates associated with a name | 1802-1885 |
| 9 (RLIN) | 5858 |
| 245 10 - TITLE STATEMENT | |
| Title | Стихотворения и публицистика : |
| Remainder of title | Пер. с фр. / |
| Statement of responsibility, etc. | В. Гюго; Под ред. А.А. Смирнова. |
| 260 ## - PUBLICATION, DISTRIBUTION, ETC. | |
| Place of publication, distribution, etc. | Ленинград, : |
| Name of publisher, distributor, etc. | Детгиз, |
| Date of publication, distribution, etc. | 1954. |
| 300 ## - PHYSICAL DESCRIPTION | |
| Extent | 176 стр. ; |
| Dimensions | портр. |
| -- | 21 см. |
| 650 14 - SUBJECT ADDED ENTRY--TOPICAL TERM | |
| Topical term or geographic name entry element | Ֆրանսիական գրականություն |
| General subdivision | Поэзия |
| 650 14 - SUBJECT ADDED ENTRY--TOPICAL TERM | |
| Topical term or geographic name entry element | Ֆրանսիական գրականություն |
| General subdivision | Проза |
| 700 1# - ADDED ENTRY--PERSONAL NAME | |
| Personal name | Смирнов, А.А. |
| Relator term | ред. |
| Relationship | edt |
| Withdrawn status | Lost status | Source of classification or shelving scheme | Damaged status | Not for loan | Collection | Home library | Current library | Date acquired | Total checkouts | Full call number | Barcode | Date last seen | Price effective from | Koha item type | Public note |
|---|---|---|---|---|---|---|---|---|---|---|---|---|---|---|---|
| Universal Decimal Classification | General | Fundamental Scientific Library | Fundamental Scientific Library | 04/10/2018 | РД II/8246 | FL0520210 | 04/10/2018 | 04/10/2018 | Գրքեր / Books | 30 Days Loan |
ՀՀ Գիտությունների ազգային ակադեմիայի հիմնարար գիտական գրադարան = Fundamental Scientific Library of NAS RA
All site content, except where otherwise noted, is licensed under a